[Event "First Saturday FM-B November2014"]
[Site "Budapest"]
[Date "2014.11.01"]
[Round "1.1"]
[White "Szabo, Miklos Istvan"]
[Black "Szurkos, Andras"]
[Result "0-1"]
[WhiteElo "1332"]
[BlackElo "1741"]
[PlyCount "80"]
[EventDate "2014.11.01"]

1. d4 d5 2. Bf4 Nf6 3. Nf3 e6 4. e3 Bd6 5. Nbd2 Bxf4 6. exf4 Qd6 7. Ne5 Nc6 8.
Ndf3 Qb4+ 9. c3 Qxb2 10. Qc1 Qxc1+ 11. Rxc1 Bd7 12. Bd3 Nh5 13. g3 f6 14. Ng6
hxg6 15. Bxg6+ Ke7 16. f5 exf5 17. O-O Kd6 18. Rfe1 Ne7 19. Nh4 Rh6 20. Rxe7
Kxe7 21. Re1+ Kd6 22. Bxf5 g5 23. Bxd7 Kxd7 24. Nf5 Rh7 25. Re2 Re8 26. Rb2
Re1+ 27. Kg2 b6 28. Kf3 Ng7 29. Nxg7 Rxg7 30. Kg2 Rc1 31. a4 Rxc3 32. a5 Ra3
33. axb6 axb6 34. Rb4 Re7 35. Rb2 Re4 36. Rd2 Ra4 37. Rd3 Rexd4 38. Rf3 Ke6 39.
Rc3 c5 40. Rb3 Rab4 0-1

[Event "First Saturday FM-B November2014"]
[Site "Budapest"]
[Date "2014.11.01"]
[Round "1.2"]
[White "Ongut, Tamas Gunes"]
[Black "Bacsi, Andras"]
[Result "1-0"]
[WhiteElo "1685"]
[BlackElo "1769"]
[PlyCount "87"]
[EventDate "2014.11.01"]

1. e4 c5 2. Nf3 e6 3. d4 cxd4 4. Nxd4 a6 5. Nc3 Qc7 6. Be3 b5 7. Qd2 Bb7 8. f3
Nc6 9. O-O-O Nf6 10. g4 d6 11. g5 Nd7 12. Bh3 Nxd4 13. Bxd4 Ne5 14. Qf2 Nc6 15.
Bb6 Qc8 16. Nd5 Rb8 17. Nc7+ Kd7 18. Nd5 Ba8 19. Ba7 Be7 20. Bxb8 Qxb8 21. Nxe7
Kxe7 22. Rhe1 Qa7 23. Qg3 Qc7 24. Kb1 Ne5 25. f4 Nc4 26. f5 Rc8 27. c3 Ne5 28.
Qf4 Qc4 29. Rd4 Qc5 30. f6+ Kf8 31. fxg7+ Kxg7 32. Qf6+ Kg8 33. Rf1 a5 34. Qe7
b4 35. Rxd6 Bxe4+ 36. Ka1 Qc4 37. Rd8+ Rxd8 38. Qxd8+ Kg7 39. Qf6+ Kg8 40. Rd1
Nd3 41. Qd8+ Kg7 42. Bf1 bxc3 43. Bxd3 cxb2+ 44. Kb1 1-0

[Event "First Saturday FM-B November2014"]
[Site "Budapest"]
[Date "2014.11.01"]
[Round "1.3"]
[White "Szlenka, Attila"]
[Black "Gruz, Janos"]
[Result "1-0"]
[WhiteElo "1757"]
[BlackElo "1780"]
[PlyCount "123"]
[EventDate "2014.11.01"]

1. Nf3 d5 2. g3 Bg4 3. Bg2 e6 4. d3 f5 5. O-O Nf6 6. Nbd2 Bb4 7. a3 Bxf3 8.
Nxf3 Bd6 9. c4 c6 10. b4 O-O 11. Bb2 Nbd7 12. Qc2 Rc8 13. Rac1 Qe7 14. c5 Bb8
15. Nd2 e5 16. e4 f4 17. Qb3 Qf7 18. Rce1 fxg3 19. hxg3 Kh8 20. Nf3 Qh5 21. Nh2
d4 22. Qd1 Qg6 23. Bh3 Rce8 24. Bc1 b6 25. cxb6 axb6 26. Qa4 b5 27. Qb3 Bd6 28.
Bd2 Rb8 29. Rc1 c5 30. Bf5 Qe8 31. Qe6 Qxe6 32. Bxe6 Ra8 33. Ra1 Rfe8 34. Bxd7
Nxd7 35. Rfc1 Ra4 36. f4 cxb4 37. axb4 Bxb4 38. Bxb4 Rxb4 39. Ra7 Nf6 40. fxe5
Nh5 41. Kg2 h6 42. Nf3 Ra4 43. Rxa4 bxa4 44. Ra1 g5 45. Rxa4 Rb8 46. Ra2 Ng7
47. Nxd4 Re8 48. Ra6 h5 49. e6 g4 50. Kf2 Kh7 51. Ke3 Kg6 52. Ne2 Kg5 53. Nf4
Kf6 54. Nd5+ Kg5 55. e7 h4 56. gxh4+ Kxh4 57. Rh6+ Kg5 58. Rd6 g3 59. Kf3 Kh4
60. Rh6+ Kg5 61. Rh3 Nh5 62. Rxh5+ 1-0

[Event "First Saturday FM-B November2014"]
[Site "Budapest"]
[Date "2014.11.01"]
[Round "1.4"]
[White "Oberfrank, Istvan"]
[Black "Alkire, Brian James"]
[Result "1-0"]
[WhiteElo "1755"]
[BlackElo "1613"]
[PlyCount "77"]
[EventDate "2014.11.01"]

1. e4 c5 2. Nf3 d6 3. d4 cxd4 4. Nxd4 Nf6 5. Nc3 a6 6. Be2 e5 7. Nb3 Be7 8. Be3
b5 9. a3 Be6 10. O-O O-O 11. f4 Nc6 12. f5 Bd7 13. Bf3 Rc8 14. Rf2 Ne8 15. Nd5
Bg5 16. Bb6 Nc7 17. Qd3 Re8 18. Kh1 Bf4 19. g3 Bg5 20. Rd1 Ne7 21. Nxc7 Rxc7
22. Qxd6 Rc6 23. Bxd8 Rxd6 24. Rxd6 Rxd8 25. h4 Be3 26. Re2 Bh6 27. Nc5 Nc6 28.
Rxd7 Rxd7 29. Nxd7 Nd4 30. Kg2 Nxe2 31. Bxe2 f6 32. Nc5 Bc1 33. Nxa6 Bxb2 34.
Bxb5 Bxa3 35. c4 Kf7 36. c5 Ke7 37. h5 h6 38. Kf3 Kd8 39. Ke2 1-0

[Event "First Saturday FM-B November2014"]
[Site "Budapest"]
[Date "2014.11.01"]
[Round "1.5"]
[White "Ambrus, Ferenc"]
[Black "Steer, Jozsef"]
[Result "0-1"]
[WhiteElo "1397"]
[BlackElo "1804"]
[PlyCount "96"]
[EventDate "2014.11.01"]

1. e4 c6 2. d4 d5 3. e5 Bf5 4. Bd3 Bxd3 5. Qxd3 e6 6. Nf3 Ne7 7. Bg5 Qb6 8. Qb3
Qc7 9. O-O h6 10. Bxe7 Bxe7 11. Nbd2 O-O 12. c4 dxc4 13. Nxc4 Nd7 14. Rac1 Rfd8
15. Rfd1 Nb6 16. Nxb6 Qxb6 17. Qxb6 axb6 18. a3 Rd5 19. Kf1 Rad8 20. Ke2 b5 21.
b4 f6 22. Ke3 Ra8 23. Rd3 Rad8 24. Rcd1 g5 25. g4 Kg7 26. Ne1 fxe5 27. Nf3
exd4+ 28. Rxd4 Bf6 29. Rxd5 exd5 30. Rd3 Ra8 31. Nd4 Kg6 32. f3 Re8+ 33. Kd2
Bxd4 34. Rxd4 Kf6 35. Rd3 Re5 36. Kc3 Re2 37. h3 Ke6 38. Kd4 b6 39. h4 gxh4 40.
f4 Re4+ 41. Kc3 Rxf4 42. Re3+ Kf7 43. Kd3 Rxg4 44. Rf3+ Ke6 45. Ke3 Rg3 46. Kf2
Rxf3+ 47. Kxf3 Ke5 48. Kg4 d4 0-1

[Event "First Saturday FM-B November2014"]
[Site "Budapest"]
[Date "2014.11.02"]
[Round "2.1"]
[White "Szurkos, Andras"]
[Black "Steer, Jozsef"]
[Result "1/2-1/2"]
[WhiteElo "1741"]
[BlackElo "1804"]
[PlyCount "122"]
[EventDate "2014.11.01"]

1. e4 c6 2. c4 e5 3. Nf3 d6 4. d4 Bg4 5. Be2 Bxf3 6. Bxf3 Nf6 7. O-O Nbd7 8.
Nc3 Be7 9. a3 O-O 10. b4 a5 11. Bb2 axb4 12. axb4 Rxa1 13. Bxa1 Qb6 14. Qb3
exd4 15. Na4 Qa7 16. Bb2 b5 17. cxb5 cxb5 18. Ra1 bxa4 19. Rxa4 Qb6 20. Qd1 Ne5
21. Bxd4 Nxf3+ 22. gxf3 Qb5 23. Bc3 Rc8 24. Ra5 Qc6 25. Bd2 Nd7 26. b5 Qb6 27.
Qa4 Ne5 28. Kg2 h6 29. Be3 Qb8 30. b6 Nc4 31. Ra7 Nxe3+ 32. fxe3 Bf8 33. Qa6
Rc2+ 34. Kg3 Qd8 35. Qb5 Qf6 36. Qf5 Qxf5 37. exf5 Rb2 38. Rb7 d5 39. Rb8 f6
40. h4 h5 41. f4 Kf7 42. Kf3 Rb3 43. Ke2 Bc5 44. b7 Ba7 45. Rd8 Rxb7 46. Rxd5
Re7 47. Rd3 Ke8 48. Kf3 Rd7 49. Rb3 Bc5 50. Rb5 Rc7 51. e4 Ba7 52. e5 fxe5 53.
fxe5 Kf7 54. Kf4 Re7 55. Kg5 Bd4 56. e6+ Kf8 57. Kxh5 Bf6 58. Rb8+ Re8 59.
Rxe8+ Kxe8 60. Kg6 Bxh4 61. Kxg7 Ke7 1/2-1/2

[Event "First Saturday FM-B November2014"]
[Site "Budapest"]
[Date "2014.11.02"]
[Round "2.2"]
[White "Alkire, Brian James"]
[Black "Ambrus, Ferenc"]
[Result "1-0"]
[WhiteElo "1613"]
[BlackElo "1397"]
[PlyCount "85"]
[EventDate "2014.11.01"]

1. d4 d5 2. c4 e5 3. dxe5 d4 4. Nf3 Nc6 5. a3 Bg4 6. Nbd2 Nge7 7. h3 Bh5 8. b4
Qd7 9. Bb2 O-O-O 10. b5 Bxf3 11. Nxf3 Na5 12. Bxd4 Nxc4 13. Qa4 Nb6 14. Bxb6
Nd5 15. Bd4 h5 16. Rc1 Rh6 17. Qxa7 Qxb5 18. e4 Bb4+ 19. axb4 Qxb4+ 20. Ke2
Qb5+ 21. Ke1 Qb4+ 22. Ke2 Qb5+ 23. Ke1 Qb4+ 24. Nd2 Nb6 25. Be3 Rc6 26. Rxc6
bxc6 27. Ba6+ Kd7 28. Bxb6 Qxb6 29. Qxb6 cxb6 30. Ke2 b5 31. Rd1 Kc7 32. Nb3
Ra8 33. Ra1 Kb6 34. f4 Rxa6 35. Rxa6+ Kxa6 36. f5 b4 37. e6 fxe6 38. fxe6 Kb5
39. e7 Kc4 40. e8=Q Kxb3 41. Qxc6 Kb2 42. Qb6 b3 43. e5 1-0

[Event "First Saturday FM-B November2014"]
[Site "Budapest"]
[Date "2014.11.02"]
[Round "2.3"]
[White "Gruz, Janos"]
[Black "Oberfrank, Istvan"]
[Result "0-1"]
[WhiteElo "1780"]
[BlackElo "1755"]
[PlyCount "110"]
[EventDate "2014.11.01"]

1. d4 d5 2. Nf3 Nf6 3. Bg5 e6 4. e3 c5 5. c3 h6 6. Bh4 Bd6 7. Be2 Nc6 8. O-O
Qe7 9. Nbd2 e5 10. dxe5 Nxe5 11. Nxe5 Qxe5 12. Nf3 Qe6 13. Bg3 Bxg3 14. hxg3
O-O 15. Qc2 b6 16. Rad1 Bb7 17. Nh4 Ne4 18. Nf3 Rad8 19. Nd2 Nf6 20. Nf3 Rfe8
21. Bb5 Re7 22. Rfe1 a6 23. Bd3 Ne4 24. Bxe4 Qxe4 25. Qxe4 Rxe4 26. Nd2 Re7 27.
Nf3 Red7 28. Rc1 f6 29. Kf1 a5 30. Kg1 Kf7 31. Nd2 f5 32. Nf3 Kf6 33. Nd2 g5
34. Nf1 Ba6 35. Nd2 Rd6 36. g4 Bd3 37. gxf5 Kxf5 38. Nf1 h5 39. Ng3+ Kg6 40.
Ne2 Re8 41. Ng3 h4 42. Nf1 Rf8 43. Rcd1 c4 44. Nd2 Kf5 45. Nf3 Rdf6 46. Rd2 Rh8
47. Nd4+ Kg6 48. f3 g4 49. fxg4 h3 50. gxh3 Rxh3 51. Kg2 Rh7 52. Kg3 Be4 53.
Ree2 Rh1 54. Rh2 Rg1+ 55. Kh4 Rf7 0-1

[Event "First Saturday FM-B November2014"]
[Site "Budapest"]
[Date "2014.11.02"]
[Round "2.4"]
[White "Bacsi, Andras"]
[Black "Szlenka, Attila"]
[Result "1/2-1/2"]
[WhiteElo "1769"]
[BlackElo "1757"]
[PlyCount "38"]
[EventDate "2014.11.01"]

1. e4 Nf6 2. e5 Nd5 3. d4 d6 4. Nf3 Bg4 5. Be2 Nc6 6. exd6 cxd6 7. O-O g6 8. c3
Bg7 9. h3 Bd7 10. c4 Nc7 11. d5 Nb8 12. Nc3 O-O 13. Be3 Nba6 14. Bd4 Ne8 15.
Bxg7 Nxg7 16. Qd2 Qb6 17. Rab1 Bf5 18. Bd3 Bxd3 19. Qxd3 h6 1/2-1/2

[Event "First Saturday FM-B November2014"]
[Site "Budapest"]
[Date "2014.11.02"]
[Round "2.5"]
[White "Szabo, Miklos Istvan"]
[Black "Ongut, Tamas Gunes"]
[Result "0-1"]
[WhiteElo "1332"]
[BlackElo "1685"]
[PlyCount "62"]
[EventDate "2014.11.01"]

1. Nf3 c5 2. c4 g6 3. g3 Nf6 4. Bg2 d5 5. cxd5 Nxd5 6. Nc3 Nxc3 7. bxc3 Bg7 8.
O-O Nc6 9. Qc2 O-O 10. Bb2 Qc7 11. Rfd1 f5 12. Qb3+ Kh8 13. Ng5 e5 14. Bd5 Bf6
15. Nf7+ Kg7 16. h4 Rxf7 17. Bxf7 Qxf7 18. Qc2 Be6 19. Qa4 Rb8 20. Qb5 c4 21.
Ba3 a6 22. Qb6 Bd8 23. Qb1 b5 24. Bd6 Rb7 25. e3 Rd7 26. Bc5 Bd5 27. d3 Bf3 28.
Rd2 e4 29. d4 Ne5 30. a3 Nd3 31. Kh2 Nxc5 0-1

[Event "First Saturday FM-B November2014"]
[Site "Budapest"]
[Date "2014.11.03"]
[Round "3.1"]
[White "Ongut, Tamas Gunes"]
[Black "Szurkos, Andras"]
[Result "1/2-1/2"]
[WhiteElo "1685"]
[BlackElo "1741"]
[PlyCount "150"]
[EventDate "2014.11.01"]

1. e4 e5 2. Nf3 Nc6 3. Bc4 Bc5 4. c3 Nf6 5. d3 d6 6. Nbd2 a6 7. Bb3 b5 8. O-O
Bb6 9. h3 O-O 10. Re1 Na5 11. Bc2 c5 12. Nf1 h6 13. Be3 Nc6 14. d4 cxd4 15.
cxd4 exd4 16. Nxd4 Ne5 17. Bf4 Bxd4 18. Qxd4 Qe7 19. Re3 Rd8 20. Rd1 Bb7 21.
Ng3 Qc7 22. Rc3 Qb8 23. Nf5 Ne8 24. Bb3 a5 25. a3 Ba6 26. Bd5 Bb7 27. Bxb7 Qxb7
28. Bxe5 dxe5 29. Qxd8 Rxd8 30. Rxd8 Qxe4 31. Rxe8+ Kh7 32. Ng3 Qb1+ 33. Nf1
Qxb2 34. Rf3 f6 35. Rg3 g5 36. Rf3 Kg7 37. Ra8 a4 38. Ra7+ Kg6 39. Ra6 e4 40.
Rfxf6+ Qxf6 41. Rxf6+ Kxf6 42. Ne3 Ke5 43. Nc2 Kd5 44. Kf1 Kc4 45. Ke2 Kc3 46.
Kd1 Kd3 47. g3 h5 48. Nb4+ Kc3 49. Kc1 Kb3 50. Nc2 Kc3 51. Kb1 Kd3 52. Kc1 Ke2
53. Nd4+ Kxf2 54. Nxb5 Kxg3 55. Nc3 e3 56. Kd1 Kf2 57. Ne4+ Kf1 58. Ng3+ Kf2
59. Ne4+ Kf1 60. Ng3+ Kg2 61. Ne4 Kxh3 62. Nxg5+ Kg4 63. Ne4 Kf4 64. Nc3 Kf3
65. Ke1 h4 66. Ne2 Kg2 67. Nf4+ Kf3 68. Nh3 Ke4 69. Ke2 Kd4 70. Nf4 Kc4 71.
Kxe3 Kb3 72. Kd2 Kxa3 73. Kc3 Ka2 74. Kc2 a3 75. Nh3 Ka1 1/2-1/2

[Event "First Saturday FM-B November2014"]
[Site "Budapest"]
[Date "2014.11.03"]
[Round "3.2"]
[White "Szlenka, Attila"]
[Black "Szabo, Miklos Istvan"]
[Result "1-0"]
[WhiteElo "1757"]
[BlackElo "1332"]
[PlyCount "93"]
[EventDate "2014.11.01"]

1. Nf3 d5 2. g3 Nf6 3. Bg2 c5 4. O-O Nc6 5. d3 e5 6. c3 Be7 7. Qc2 O-O 8. a3 h6
9. b4 a6 10. Nbd2 Be6 11. Bb2 Rc8 12. Qa4 Qd7 13. Rfe1 d4 14. cxd4 cxd4 15. Nc4
Bxc4 16. dxc4 Qe6 17. Rac1 Nd7 18. Nd2 Nb6 19. Qb3 f5 20. c5 Qxb3 21. Nxb3 Na4
22. Ba1 Rcd8 23. Bxc6 bxc6 24. Na5 Rf6 25. Red1 g5 26. e3 Nc3 27. Bxc3 dxc3 28.
Rxd8+ Bxd8 29. Nc4 Bc7 30. Rxc3 Kf7 31. Rd3 Ke7 32. Nb6 Bxb6 33. cxb6 Rf8 34.
a4 Rb8 35. a5 Rb7 36. Kf1 Rb8 37. Ke2 Rb7 38. Kd2 Rb8 39. Kc3 e4 40. Rd4 Rb7
41. Kc4 Rd7 42. Rxd7+ Kxd7 43. Kc5 h5 44. b7 Kc7 45. b8=Q+ Kxb8 46. Kxc6 Ka7
47. Kc7 1-0

[Event "First Saturday FM-B November2014"]
[Site "Budapest"]
[Date "2014.11.03"]
[Round "3.3"]
[White "Oberfrank, Istvan"]
[Black "Bacsi, Andras"]
[Result "1-0"]
[WhiteElo "1755"]
[BlackElo "1769"]
[PlyCount "95"]
[EventDate "2014.11.01"]

1. e4 c5 2. Nf3 e6 3. d4 cxd4 4. Nxd4 a6 5. Bd3 Qc7 6. c4 Nf6 7. O-O d6 8. Nc3
Be7 9. Qe2 O-O 10. h3 Nbd7 11. Bg5 b6 12. Rae1 Bb7 13. Kh1 Rfe8 14. f4 e5 15.
Nf5 Bd8 16. Qd1 h6 17. Bh4 Kh7 18. Bb1 d5 19. exd5 g6 20. Ne3 exf4 21. Ng4 Rxe1
22. Nxf6+ Bxf6 23. Bxe1 Qxc4 24. Bd3 Qd4 25. Bf2 Qe5 26. Re1 Qg5 27. Be4 b5 28.
h4 Qe5 29. Bxg6+ Kxg6 30. Rxe5 Nxe5 31. Qc2+ Kg7 32. Qf5 Bc8 33. Qxf4 Ng4 34.
Bd4 Bd7 35. Bxf6+ Nxf6 36. Qd4 Re8 37. b4 Kg6 38. Kg1 Ng4 39. g3 f6 40. Kg2 h5
41. Kf3 Bf5 42. Kf4 Re1 43. Kf3 Rf1+ 44. Ke2 Rc1 45. d6 Rc2+ 46. Kd1 Nf2+ 47.
Ke1 Bg4 48. d7 1-0

[Event "First Saturday FM-B November2014"]
[Site "Budapest"]
[Date "2014.11.03"]
[Round "3.4"]
[White "Ambrus, Ferenc"]
[Black "Gruz, Janos"]
[Result "0-1"]
[WhiteElo "1397"]
[BlackElo "1780"]
[PlyCount "80"]
[EventDate "2014.11.01"]

1. e4 d6 2. Bc4 Nf6 3. Nc3 g6 4. d4 Bg7 5. h3 O-O 6. Nf3 a6 7. a4 e6 8. Bg5 h6
9. Bxf6 Qxf6 10. e5 dxe5 11. dxe5 Qe7 12. Bd3 Nc6 13. Qe2 Bd7 14. O-O Rad8 15.
b3 Nb4 16. Rad1 Bc6 17. Qe3 Bxf3 18. gxf3 Qh4 19. f4 h5 20. Ne4 Nd5 21. Qg3
Qxf4 22. Nf6+ Bxf6 23. exf6 Qxg3+ 24. fxg3 Ne3 25. Kf2 Nxd1+ 26. Rxd1 e5 27.
Re1 Rd6 28. Rxe5 Rxf6+ 29. Kg2 c6 30. g4 hxg4 31. h4 Kg7 32. Kg3 b5 33. axb5
axb5 34. Rg5 Kh6 35. Kxg4 Rd8 36. Re5 Rd4+ 37. Kg3 Re6 38. Re2 Rxd3+ 39. Kf2
Rxe2+ 40. Kxe2 Rd7 0-1

[Event "First Saturday FM-B November2014"]
[Site "Budapest"]
[Date "2014.11.03"]
[Round "3.5"]
[White "Steer, Jozsef"]
[Black "Alkire, Brian James"]
[Result "1-0"]
[WhiteElo "1804"]
[BlackElo "1613"]
[PlyCount "59"]
[EventDate "2014.11.01"]

1. e4 c5 2. Nf3 d6 3. d4 cxd4 4. Nxd4 Nf6 5. Nc3 a6 6. Bc4 e6 7. a4 Qc7 8. Bb3
b6 9. O-O Bb7 10. Re1 Nbd7 11. Bg5 Be7 12. Bxe6 Nc5 13. Bd5 O-O 14. Nf5 Bxd5
15. Nxe7+ Qxe7 16. Nxd5 Qe5 17. Nxf6+ gxf6 18. Bh6 f5 19. Bxf8 Rxf8 20. exf5
Qxf5 21. Re3 Ne4 22. Qf3 Qxf3 23. Rxf3 Rc8 24. c3 Rc4 25. Rd3 Kf8 26. f3 Nc5
27. Rxd6 Rxa4 28. Rxa4 Nxa4 29. Rc6 a5 30. b3 1-0

[Event "First Saturday FM-B November2014"]
[Site "Budapest"]
[Date "2014.11.04"]
[Round "4.1"]
[White "Szurkos, Andras"]
[Black "Alkire, Brian James"]
[Result "1-0"]
[WhiteElo "1741"]
[BlackElo "1613"]
[PlyCount "115"]
[EventDate "2014.11.01"]

1. e4 c6 2. Nc3 d5 3. Nf3 Bg4 4. exd5 cxd5 5. Bb5+ Bd7 6. Qe2 Nf6 7. d4 a6 8.
Bxd7+ Nbxd7 9. O-O e6 10. Bg5 Be7 11. Ne5 O-O 12. Rad1 Rc8 13. Rd3 h6 14. Bf4
Nxe5 15. Bxe5 Nd7 16. Rg3 Nxe5 17. Qxe5 Bf6 18. Qe3 Kh7 19. Ne2 Qb6 20. b3 Qc7
21. c3 b5 22. Rc1 Bg5 23. f4 Bf6 24. Rf3 Rfe8 25. g4 g5 26. Rcf1 Re7 27. h4
gxf4 28. Qd3+ Kh8 29. g5 Rg8 30. Kh1 Bg7 31. Rg1 e5 32. dxe5 Qxe5 33. Nxf4 Qe4
34. gxh6 Bxh6 35. Rxg8+ Kxg8 36. Qxe4 dxe4 37. Rg3+ Kf8 38. Nd5 Re5 39. Nf6 Re6
40. Nd7+ Ke7 41. Nc5 Re5 42. b4 e3 43. Rg1 e2 44. Nd3 Rf5 45. Re1 Rf1+ 46. Kg2
Rxe1 47. Nxe1 Bd2 48. Kf2 Bxc3 49. a3 Bxe1+ 50. Kxe1 Kf6 51. Kxe2 Kf5 52. Kf3
Kg6 53. Kg4 f5+ 54. Kf4 Kh5 55. Kxf5 Kxh4 56. Ke5 Kg4 57. Kd5 Kf4 58. Kc6 1-0

[Event "First Saturday FM-B November2014"]
[Site "Budapest"]
[Date "2014.11.04"]
[Round "4.2"]
[White "Gruz, Janos"]
[Black "Steer, Jozsef"]
[Result "1/2-1/2"]
[WhiteElo "1780"]
[BlackElo "1804"]
[PlyCount "40"]
[EventDate "2014.11.01"]

1. d4 d5 2. Nf3 Nf6 3. Bf4 c6 4. c3 Bf5 5. e3 e6 6. Nbd2 Bd6 7. Bg3 Bxg3 8.
hxg3 Nbd7 9. Be2 Bg4 10. O-O Bxf3 11. Bxf3 O-O 12. e4 dxe4 13. Nxe4 Nxe4 14.
Bxe4 Nf6 15. Bc2 Re8 16. Re1 Qb6 17. Rb1 Rad8 18. Qf3 Qa5 19. a3 Qd5 20. Qxd5
cxd5 1/2-1/2

[Event "First Saturday FM-B November2014"]
[Site "Budapest"]
[Date "2014.11.04"]
[Round "4.3"]
[White "Bacsi, Andras"]
[Black "Ambrus, Ferenc"]
[Result "1-0"]
[WhiteElo "1769"]
[BlackElo "1397"]
[PlyCount "69"]
[EventDate "2014.11.01"]

1. e4 Nf6 2. e5 Nd5 3. d4 d6 4. Nf3 Bg4 5. Be2 e6 6. O-O Nd7 7. c4 N5b6 8. exd6
cxd6 9. b3 Be7 10. Nc3 Rc8 11. Bf4 O-O 12. Nb5 e5 13. dxe5 dxe5 14. Nxe5 Bxe2
15. Qxe2 a6 16. Nxd7 Nxd7 17. Nd6 Rc6 18. Nxb7 Qe8 19. Rad1 Re6 20. Qd2 Nf6 21.
Nd6 Qc6 22. Nf5 Bc5 23. Nd4 Bxd4 24. Qxd4 Rfe8 25. Be3 h6 26. h3 R8e7 27. Qc5
Qb7 28. Rd8+ Kh7 29. Qf5+ g6 30. Qf4 Rxe3 31. Qxf6 Re8 32. fxe3 Rxd8 33. Qxd8
Qe4 34. Qf8 Qxe3+ 35. Kh1 1-0

[Event "First Saturday FM-B November2014"]
[Site "Budapest"]
[Date "2014.11.04"]
[Round "4.4"]
[White "Szabo, Miklos Istvan"]
[Black "Oberfrank, Istvan"]
[Result "0-1"]
[WhiteElo "1332"]
[BlackElo "1755"]
[PlyCount "30"]
[EventDate "2014.11.01"]

1. d4 Nf6 2. Bf4 g6 3. Nf3 d6 4. h3 Bg7 5. e3 O-O 6. Bc4 d5 7. Bd3 b6 8. Nbd2
Bb7 9. O-O Nbd7 10. c4 e6 11. Re1 Ne4 12. Ne5 Nxe5 13. Bxe5 Bxe5 14. dxe5 Nxd2
15. Qxd2 dxc4 0-1

[Event "First Saturday FM-B November2014"]
[Site "Budapest"]
[Date "2014.11.04"]
[Round "4.5"]
[White "Ongut, Tamas Gunes"]
[Black "Szlenka, Attila"]
[Result "1-0"]
[WhiteElo "1685"]
[BlackElo "1757"]
[PlyCount "49"]
[EventDate "2014.11.01"]

1. d4 Nf6 2. c4 g6 3. Nc3 Bg7 4. e4 d6 5. f4 O-O 6. Nf3 c5 7. d5 e5 8. fxe5
dxe5 9. Bd3 Ne8 10. Bg5 f6 11. Be3 b6 12. Qd2 Nd6 13. O-O-O Na6 14. a3 Nc7 15.
h3 f5 16. Bh6 f4 17. Bxg7 Kxg7 18. Nxe5 Qh4 19. Nf3 Qh5 20. Ne2 Qh6 21. Qc3+
Kg8 22. e5 Nf5 23. d6 Na6 24. Be4 Bd7 25. Bd5+ 1-0

[Event "First Saturday FM-B November2014"]
[Site "Budapest"]
[Date "2014.11.05"]
[Round "5.1"]
[White "Szlenka, Attila"]
[Black "Szurkos, Andras"]
[Result "1/2-1/2"]
[WhiteElo "1757"]
[BlackElo "1741"]
[PlyCount "155"]
[EventDate "2014.11.01"]

1. Nf3 d5 2. g3 Nf6 3. Bg2 g6 4. O-O Bg7 5. c4 d4 6. b4 O-O 7. d3 a5 8. Bb2
axb4 9. Bxd4 Na6 10. Nbd2 c5 11. Bb2 Rb8 12. Qc2 Re8 13. Be5 Nd7 14. Bxb8 Bxa1
15. Rxa1 Ndxb8 16. Qb2 Nc6 17. Rd1 e5 18. Ne1 f5 19. e3 g5 20. Qb1 Nc7 21. Nb3
Qd6 22. Nf3 h6 23. d4 cxd4 24. exd4 e4 25. Ne1 Rd8 26. d5 Ne5 27. Qc2 b6 28.
Bf1 Ba6 29. Be2 Ne8 30. Nd4 Bc8 31. Qb3 Bd7 32. Ndc2 Ra8 33. Qxb4 Rxa2 34. Qb3
Ra8 35. Rb1 Rb8 36. Qb4 Qf6 37. c5 b5 38. c6 Bc8 39. Nd4 Nd6 40. Qc5 f4 41. c7
Rb7 42. Ne6 Nec4 43. Qd4 Qxd4 44. Nxd4 Rxc7 45. Nxb5 Rb7 46. Nc3 f3 47. Bd1 g4
48. Rxb7 Bxb7 49. Ba4 Kf7 50. Nc2 Nb6 51. Bb3 Kf6 52. Ne3 h5 53. Kf1 Ke5 54.
Ke1 Kd4 55. Kd2 Ba6 56. Nc2+ Ke5 57. Nb4 Ndc4+ 58. Ke1 Bb7 59. Nc6+ Kf6 60.
Bxc4 Bxc6 61. dxc6 Nxc4 62. Nxe4+ Ke5 63. c7 Nb6 64. Nc3 Kd6 65. Ne4+ Kxc7 66.
Nf6 Kd6 67. Nxh5 Ke5 68. Nf4 Nc4 69. h4 gxh3 70. Nxh3 Kf5 71. Kd1 Kg4 72. Nf4
Nd6 73. Kd2 Ne4+ 74. Ke1 Nxg3 75. fxg3 Kxg3 76. Nd3 Kg2 77. Nf2 Kg1 78. Ne4
1/2-1/2

[Event "First Saturday FM-B November2014"]
[Site "Budapest"]
[Date "2014.11.05"]
[Round "5.2"]
[White "Oberfrank, Istvan"]
[Black "Ongut, Tamas Gunes"]
[Result "1/2-1/2"]
[WhiteElo "1755"]
[BlackElo "1685"]
[PlyCount "60"]
[EventDate "2014.11.01"]

1. e4 e6 2. d4 d5 3. Nc3 Nf6 4. e5 Nfd7 5. f4 c5 6. Nf3 Nc6 7. Be3 Qb6 8. a3
cxd4 9. Nxd4 Nxd4 10. Bxd4 Bc5 11. Na4 Qa5+ 12. c3 Bxd4 13. Qxd4 b5 14. Nc5 Qb6
15. Nxd7 Qxd4 16. Nf6+ Ke7 17. cxd4 gxf6 18. exf6+ Kxf6 19. Bd3 Bd7 20. Rc1
Rhc8 21. Kd2 Kg7 22. Rhf1 f5 23. Rc3 Rxc3 24. Kxc3 a5 25. Rc1 Rc8+ 26. Kd2 Rxc1
27. Kxc1 h5 28. h4 Kh6 29. Kd2 Be8 30. Kc3 Kg7 1/2-1/2

[Event "First Saturday FM-B November2014"]
[Site "Budapest"]
[Date "2014.11.05"]
[Round "5.3"]
[White "Ambrus, Ferenc"]
[Black "Szabo, Miklos Istvan"]
[Result "0-1"]
[WhiteElo "1397"]
[BlackElo "1332"]
[PlyCount "62"]
[EventDate "2014.11.01"]

1. e4 d6 2. Bc4 Nf6 3. d3 g6 4. Nc3 Bg7 5. h3 O-O 6. Be3 c6 7. a3 Nbd7 8. Qd2
b5 9. Ba2 a5 10. Nce2 Bb7 11. f4 e5 12. f5 d5 13. g4 dxe4 14. fxg6 hxg6 15. Ng3
exd3 16. Qxd3 c5 17. Qxg6 c4 18. Qf5 Bxh1 19. Nxh1 Nd5 20. Bg5 Qb6 21. O-O-O
Qc6 22. c3 Nc5 23. Nf3 Nd3+ 24. Rxd3 cxd3 25. Qxd3 Nf4 26. Qf1 b4 27. c4 bxa3
28. Be7 axb2+ 29. Kxb2 e4+ 30. Ka3 Rfb8 31. Ng5 Bb2# 0-1

[Event "First Saturday FM-B November2014"]
[Site "Budapest"]
[Date "2014.11.05"]
[Round "5.4"]
[White "Steer, Jozsef"]
[Black "Bacsi, Andras"]
[Result "1/2-1/2"]
[WhiteElo "1804"]
[BlackElo "1769"]
[PlyCount "28"]
[EventDate "2014.11.01"]

1. e4 c5 2. Nf3 e6 3. d4 cxd4 4. Nxd4 a6 5. a3 Qc7 6. Nc3 b5 7. Be2 Bb7 8. Bf3
Nc6 9. Nxc6 Bxc6 10. O-O Nf6 11. Re1 d6 12. Be3 Be7 13. h3 O-O 14. Qe2 Rac8
1/2-1/2

[Event "First Saturday FM-B November2014"]
[Site "Budapest"]
[Date "2014.11.05"]
[Round "5.5"]
[White "Alkire, Brian James"]
[Black "Gruz, Janos"]
[Result "0-1"]
[WhiteElo "1613"]
[BlackElo "1780"]
[PlyCount "122"]
[EventDate "2014.11.01"]

1. d4 d5 2. c4 e6 3. Nc3 f5 4. e3 Nf6 5. Nf3 c6 6. cxd5 exd5 7. Ne5 Bd6 8. f4
O-O 9. Bd3 Be6 10. O-O Nbd7 11. Qc2 Ne4 12. Rb1 Qe7 13. Bd2 Ndf6 14. Nxe4 Nxe4
15. b4 Rac8 16. a4 Rfd8 17. Rfc1 Rf8 18. Qd1 Rf6 19. a5 a6 20. Be1 Rff8 21. Rc2
Bf7 22. Qc1 Be6 23. Qd1 Bf7 24. Qe2 Be6 25. Qd1 Bf7 26. Qe2 Be6 27. Bxa6 Bxe5
28. Bxb7 Qxb7 29. fxe5 Qd7 30. Rbc1 Qb7 31. Rb1 Qb5 32. Qd1 f4 33. Qf3 fxe3 34.
Qe2 Nd2 35. Qxb5 cxb5 36. Rxc8 Rxc8 37. Ra1 Nc4 38. Bh4 Kf7 39. a6 Bd7 40. Kf1
Bc6 41. Ke2 Ke6 42. a7 Bb7 43. Rc1 Ra8 44. Ra1 h6 45. Kf3 Rf8+ 46. Kg4 e2 47.
Be1 Ne3+ 48. Kh3 Nc2 49. Rc1 Nxd4 50. Rc7 Ba8 51. Bg3 Rf7 52. Rc1 Rxa7 53. Bf2
Ra3+ 54. Bg3 g5 55. Kg4 Nf5 56. Bf2 Kxe5 57. Rc5 Ne3+ 58. Kh5 Nxg2 59. Rc1 d4
60. Rg1 d3 61. Rxg2 Bxg2 0-1

[Event "First Saturday FM-B November2014"]
[Site "Budapest"]
[Date "2014.11.07"]
[Round "6.2"]
[White "Bacsi, Andras"]
[Black "Alkire, Brian James"]
[Result "1-0"]
[WhiteElo "1769"]
[BlackElo "1613"]
[PlyCount "107"]
[EventDate "2014.11.01"]

1. e4 c5 2. Nf3 d6 3. d4 cxd4 4. Nxd4 Nf6 5. Nc3 a6 6. Be2 e5 7. Nb3 Be7 8. O-O
Be6 9. a4 O-O 10. Be3 Nc6 11. Bf3 Rc8 12. Nd5 Bxd5 13. exd5 Na5 14. Nxa5 Qxa5
15. Qd3 Rfe8 16. c4 Nd7 17. Bd2 Qc7 18. Be2 Nc5 19. Qc2 a5 20. b4 axb4 21. Bxb4
Ra8 22. Bxc5 Qxc5 23. Qb3 Ra7 24. Qb5 Rc8 25. Qxc5 Rxc5 26. Rfb1 Rca5 27. g3 g6
28. Rb6 Rxa4 29. Rxa4 Rxa4 30. Rxb7 Kf8 31. Rb8+ Kg7 32. Rc8 h5 33. h4 f5 34.
Kg2 Ra2 35. Kf1 Rc2 36. f3 Rc1+ 37. Kf2 Rc2 38. Rc6 f4 39. gxf4 exf4 40. Kf1
Rc1+ 41. Kf2 Rc2 42. Kf1 Kf6 43. Bd3 Rd2 44. Be4 g5 45. c5 Ke5 46. cxd6 Bxd6
47. hxg5 h4 48. g6 h3 49. Kg1 Rg2+ 50. Kh1 Bf8 51. Re6+ Kd4 52. d6 Ke3 53. d7
Kf2 54. d8=Q 1-0